| 000 | 00942nam a2200301Ia 4500 | ||
|---|---|---|---|
| 008 | 160319s9999 xx 000 0 und d | ||
| 020 | _a9789719473626 | ||
| 050 | _a353.46 | ||
| 050 | _bS497 2011 | ||
| 245 | 4 | _aThe seven deadly deals : | |
| 245 | _bcan Aquino fix Arroyo's legacy of costly and messy projects? / | ||
| 245 | _cwith articles by Roel Landingin ... [et al.]. | ||
| 260 | _aQuezon City : | ||
| 260 | _bPublic Trust Media Group, | ||
| 260 | _c2011 | ||
| 300 | _a124 pages : | ||
| 300 | _b illustrations ; | ||
| 300 | _c23 cm. | ||
| 650 | _aArroyo, Gloria Macapagal, 1947- | ||
| 650 | _aCorruption -- Philippines. | ||
| 650 | _aMisconduct in office -- Philippines -- | ||
| 650 | _aPhilippines -- | ||
| 650 | _aPolitical corruption -- Philippines. | ||
| 650 | _x Cases. | ||
| 650 | _xAquino, Benigno Simeon C., 1960- | ||
| 650 | _xPolitics and government. | ||
| 700 | _aLandingin, Roel R., author | ||
| 999 |
_c292125 _d292125 |
||